| 000 | 00800nam a2200229 a 4500 | ||
|---|---|---|---|
| 005 | 20240925064838.0 | ||
| 008 | 081108s2000 mx r 000 0 spa d | ||
| 035 | _aUPN01000165588 | ||
| 049 | _aUNE | ||
| 080 | _a178.8 (100) =20 "1999" FOR. | ||
| 245 | 0 | 0 |
_aFor a 21st century free of drugs : _bYoung people from all over the world are mobilizing |
| 260 |
_aParis : _bUNESCO, _11999. |
||
| 300 |
_aiii, 109 p.; _bil., map. |
||
| 440 | 0 | _aED-99/WS/18 | |
| 690 | _aBienestar social | ||
| 690 | _aSociedad futura | ||
| 690 |
_aToxicomanÃa _919751 |
||
| 690 |
_aProblemas sociales _96247 |
||
| 690 | _aEstupefacientes | ||
| 711 | 2 | _aMeeting of Young People for a 21st Century Free of Drugs: The Successful Outline of an International Campaign, february 9 and 10 1998: Paris | |
| 905 | _aUNESCO | ||
| 999 |
_c137700 _d137700 |
||